| 000 | 01804cam a2200361 4500 | ||
|---|---|---|---|
| 008 | 230405n2012 000 0 eng u | ||
| 020 | _a9781846612473 | ||
| 041 | 0 | _aeng | |
| 050 | 0 | 4 | _a346.4104342 $2 18 |
| 100 | _aFreedman, Philip | ||
| 245 |
_aService charges _blaw and practice |
||
| 250 | _a5th | ||
| 260 |
_aBristol _bJordans _c2012 |
||
| 300 |
_axxxvi, 394p. _c25cm. |
||
| 505 | 2 | _aMatters applicable to commercial and residential leases -- Special rules for residential lettings -- Value Added Tax -- Reserve funds and sinking funds -- Service charges: freehold and commonhold properties -- Statutory obligations -- Commercial codes of practice -- Appendices | |
| 520 | _aThe fifth edition of this standard guide to the legal framework surrounding service charges. Revised to take into account over 30 new LVT cases, the new RICS Code of Practice for Service Charges in Commercial Property, revised provisions on disability duties following the Equality Act 2010, new material on Energy Efficiency Certificates and green leases. | ||
| 520 | _aSupersedes fourth edition (ISBN 9781846610417). | ||
| 590 | _aKA | ||
| 650 | 2 | 4 | _aCOMMONHOLD AND LEASEHOLD REFORM ACT 2002 |
| 650 | 2 | 4 | _aLANDLORD AND TENANT ACT 1985 |
| 650 | 2 | 4 | _aEQUALITY ACT 2010 |
| 650 | 2 | 4 | _aLANDLORD AND TENANT ACT 1987 |
| 650 | 2 | 4 | _aLEASEHOLD REFORM, HOUSING AND URBAN DEVELOPMENT ACT 1993 |
| 650 | 2 | 4 | _aHOUSING ACT 1996 |
| 650 | 2 | 4 | _aVALUE ADDED TAX |
| 650 | 2 | 4 | _aRICS CODE OF PRACTICE: SERVICE CHARGES IN COMMERCIAL PROPERTY |
| 651 | 4 | _aEngland and Wales | |
| 690 | _aPROPERTY-LANDLORD AND TENANT-SERVICE CHARGES | ||
| 690 | _aPROPERTY-COMMERCIAL PROPERTY-COMMERCIAL LANDLORD AND TENANT-COMMERCIAL SERVICE CHARGES | ||
| 700 | 1 | _aShapiro, Eric | |
| 700 | 1 | _aSlater, Brian | |
| 942 |
_n0 _2ddc |
||
| 999 |
_c121462 _d121462 |
||